[Event "European Senior Team Championship 2014"]
[Site "Sibenik"]
[Date "2014.04.07"]
[Round "7.3"]
[White "Ftacnik, Lubomir"]
[Black "Soylu, Suat"]
[Result "1-0"]
[WhiteElo "2563"]
[BlackElo "2407"]
[PlyCount "71"]
[EventDate "2014.04.01"]

1. c4 g6 2. d4 Nf6 3. Nc3 c5 4. Nf3 cxd4 5. Nxd4 Nc6 6. e4 Nxd4 7. Qxd4 d6 8.
Be3 Bg7 9. Be2 O-O 10. Qd2 Be6 11. Rc1 Qa5 12. f3 Rfc8 13. b3 a6 14. Na4 Qxd2+
15. Kxd2 Nd7 16. g4 f5 17. exf5 gxf5 18. Rhg1 Rf8 19. Nc3 fxg4 20. fxg4 Ne5 21.
Nd5 Bxd5 22. cxd5 Rac8 23. Rxc8 Rxc8 24. h4 Kf7 25. Rf1+ Ke8 26. g5 Kd7 27. h5
h6 28. gxh6 Bf6 29. Bd1 Rg8 30. h7 Rg2+ 31. Be2 Nf7 32. Rf4 Rg5 33. Bg4+ Ke8
34. Be6 Rxh5 35. Rg4 Rh2+ 36. Ke1 1-0

[Event "European Senior Team Championship 2014"]
[Site "Sibenik"]
[Date "2014.04.07"]
[Round "7.3"]
[White "Mollaoglu, Ergin"]
[Black "Stohl, Igor"]
[Result "1/2-1/2"]
[WhiteElo "2354"]
[BlackElo "2516"]
[PlyCount "33"]
[EventDate "2014.04.01"]

1. d4 Nf6 2. c4 e6 3. Nf3 d5 4. Nc3 Be7 5. Bg5 h6 6. Bh4 O-O 7. e3 b6 8. Qb3
Bb7 9. Bxf6 Bxf6 10. cxd5 exd5 11. Rd1 c6 12. Bd3 Na6 13. O-O c5 14. Bb1 Re8
15. a3 cxd4 16. exd4 Nc7 17. Rfe1 1/2-1/2

[Event "European Senior Team Championship 2014"]
[Site "Sibenik"]
[Date "2014.04.07"]
[Round "7.3"]
[White "Plachetka, Jan"]
[Black "Dogantug, Ahmet Ismail"]
[Result "1-0"]
[WhiteElo "2360"]
[BlackElo "2149"]
[PlyCount "107"]
[EventDate "2014.04.01"]

1. c4 e6 2. Nf3 d5 3. d4 Nf6 4. Nc3 Be7 5. Bg5 O-O 6. e3 h6 7. Bh4 Ne4 8. Bxe7
Qxe7 9. Qc2 c6 10. Nxe4 dxe4 11. Qxe4 Qb4+ 12. Nd2 Qxb2 13. Rb1 Qxa2 14. Bd3 f5
15. Qe5 Qa3 16. Ke2 Qe7 17. Nf3 Nd7 18. Qc7 Qd8 19. Qd6 Nf6 20. Qe5 b6 21. h3
Bd7 22. g4 Qb8 23. gxf5 exf5 24. Rhg1 Qxe5 25. Nxe5 Rac8 26. Rg6 Rc7 27. Rbg1
Bc8 28. Rxh6 a5 29. Rh4 Nh7 30. Rb1 b5 31. cxb5 cxb5 32. Bxb5 Be6 33. Bd3 a4
34. Rb6 g5 35. Rh6 Bb3 36. Rhg6+ Kh8 37. Rgd6 Kg7 38. Nd7 Ra8 39. Nc5 Bf7 40.
Ra6 Rca7 41. Nxa4 Nf8 42. Nc5 Bg6 43. Kd2 Rxa6 44. Rxa6 Rb8 45. Kc3 Rc8 46. f3
Nh7 47. e4 fxe4 48. fxe4 Nf6 49. Kd2 Nh5 50. Ne6+ Kh6 51. e5 Bxd3 52. Kxd3 Ng3
53. d5 Rb8 54. d6 1-0

[Event "European Senior Team Championship 2014"]
[Site "Sibenik"]
[Date "2014.04.07"]
[Round "7.3"]
[White "Muratoglu, Salih"]
[Black "Petran, Peter"]
[Result "0-1"]
[WhiteElo "2020"]
[BlackElo "2316"]
[PlyCount "136"]
[EventDate "2014.04.01"]

1. d4 g6 2. Nf3 Bg7 3. g3 d6 4. Bg2 c6 5. e4 Nf6 6. Nbd2 O-O 7. O-O Nbd7 8. c4
e5 9. dxe5 dxe5 10. Qc2 Qe7 11. b3 Ne8 12. Bb2 Nc7 13. Rfd1 Ne6 14. Nf1 a5 15.
a4 Re8 16. Ba3 Ndc5 17. Rd2 Qc7 18. Rad1 Qb6 19. Rb1 Nd4 20. Nxd4 exd4 21. Bxc5
Qxc5 22. Re1 f5 23. Rde2 fxe4 24. Bxe4 Rf8 25. Qd3 Bg4 26. f3 Bd7 27. Nd2 Rad8
28. Kg2 Kh8 29. f4 Qb4 30. Nf3 b5 31. axb5 cxb5 32. Nh4 bxc4 33. bxc4 Qc3 34.
Bxg6 Bc6+ 35. Kg1 Bf6 36. Ng2 Qxd3 37. Bxd3 Rb8 38. Ra1 Rb3 39. Ne1 a4 40. Re6
Be8 41. Ra2 Rc3 42. Kf2 Kg7 43. Ra6 Rf7 44. Re2 Bd7 45. Ra7 h5 46. Rc2 Bc6 47.
Ra5 Re7 48. Rd2 Be8 49. Nc2 Rb7 50. Ke2 Bd7 51. Ne1 a3 52. Nf3 Bg4 53. Kf2 Rb2
54. Ra7+ Kf8 55. Ra8+ Ke7 56. Re2+ Rxe2+ 57. Bxe2 d3 58. Bd1 Rc1 59. Bb3 Rc2+
60. Ke3 Bb2 61. Ra7+ Kd6 62. Nd4 Rxh2 63. Kxd3 Rg2 64. Nb5+ Kc5 65. Ke4 Kb4 66.
Nd4 Bxd4 67. Kxd4 Kxb3 68. Rb7+ Kc2 0-1

[Event "European Senior Team Championship 2014"]
[Site "Sibenik"]
[Date "2014.04.07"]
[Round "7.5"]
[White "Stebbings, Anthony J"]
[Black "Jamieson, Peter M"]
[Result "1-0"]
[WhiteElo "2302"]
[BlackElo "2251"]
[PlyCount "47"]
[EventDate "2014.04.01"]

1. e4 d6 2. d4 g6 3. Nc3 Bg7 4. Nge2 Nf6 5. g3 O-O 6. Bg2 e5 7. h3 c6 8. a4 a5
9. O-O Na6 10. Be3 Qe7 11. g4 exd4 12. Bxd4 Nc5 13. Ng3 Nfd7 14. Bxg7 Kxg7 15.
Qd4+ Ne5 16. f4 Ne6 17. Qf2 Nd7 18. Rad1 f6 19. Qd2 Nb6 20. b3 Rd8 21. Rfe1 Qc7
22. f5 Nc5 23. g5 Qe7 24. e5 1-0

[Event "European Senior Team Championship 2014"]
[Site "Sibenik"]
[Date "2014.04.07"]
[Round "7.5"]
[White "Giulian, Philip M"]
[Black "Quinn, John M"]
[Result "1-0"]
[WhiteElo "2193"]
[BlackElo "2135"]
[PlyCount "91"]
[EventDate "2014.04.01"]

1. d4 Nf6 2. c4 g6 3. f3 Bg7 4. e4 d6 5. Ne2 O-O 6. Nec3 c5 7. d5 e6 8. Bg5 Qb6
9. Qd2 Nbd7 10. Be2 exd5 11. cxd5 a6 12. a4 Qc7 13. Na3 Rb8 14. O-O Re8 15. Kh1
h5 16. Nc4 Ne5 17. Nxe5 Rxe5 18. Bc4 Nh7 19. Bh6 Bd7 20. Bxg7 Kxg7 21. a5 g5
22. b3 Kh8 23. Bd3 Rg8 24. g3 Ree8 25. Nd1 f6 26. Ne3 Qd8 27. Rab1 Bh3 28. Rfe1
Nf8 29. Nc4 Ng6 30. b4 h4 31. bxc5 dxc5 32. Rxb7 Re7 33. Reb1 Bc8 34. Rxe7 Qxe7
35. Rb6 hxg3 36. hxg3 Kg7 37. Bf1 Rh8+ 38. Kg1 Ne5 39. Qc3 Nxc4 40. Bxc4 Rh6
41. Bxa6 Bxa6 42. Rxa6 Qd7 43. Qxc5 Rh1+ 44. Kf2 Kg6 45. Qc6 Qe7 46. Qd6 1-0

[Event "European Senior Team Championship 2014"]
[Site "Sibenik"]
[Date "2014.04.07"]
[Round "7.5"]
[White "Scholes, James E"]
[Black "Robertson, Ian C"]
[Result "1/2-1/2"]
[WhiteElo "2103"]
[BlackElo "2161"]
[PlyCount "37"]
[EventDate "2014.04.01"]

1. Nf3 d5 2. d4 Nf6 3. Bf4 e6 4. e3 Bd6 5. Bd3 Bxf4 6. exf4 Qd6 7. Qd2 c5 8. c3
Nc6 9. dxc5 Qxc5 10. b4 Qe7 11. O-O O-O 12. Re1 Qc7 13. Na3 Bd7 14. Nb5 Qb8 15.
a4 Rc8 16. Nbd4 Nxd4 17. cxd4 Qd6 18. Ne5 Rc7 19. b5 1/2-1/2

[Event "European Senior Team Championship 2014"]
[Site "Sibenik"]
[Date "2014.04.07"]
[Round "7.5"]
[White "Scrimgour, Alan"]
[Black "Bowmer, Kevin"]
[Result "1/2-1/2"]
[WhiteElo "2016"]
[BlackElo "2083"]
[PlyCount "83"]
[EventDate "2014.04.01"]

1. e4 c5 2. c3 Nf6 3. e5 Nd5 4. d4 cxd4 5. cxd4 Nc6 6. Nf3 d6 7. Bc4 Nb6 8. Bb5
dxe5 9. Nxe5 Bd7 10. Nxd7 Qxd7 11. Nc3 e6 12. O-O Be7 13. a3 O-O 14. Be3 Rfd8
15. Qg4 a6 16. Bxc6 Qxc6 17. Rac1 Rac8 18. Ne4 Qb5 19. Nc5 Nc4 20. b4 Rc6 21.
a4 Qxb4 22. Rb1 Qc3 23. Rb3 Qc2 24. Rxb7 Ne5 25. Qf4 Ng6 26. Qf3 Rcc8 27. g3 a5
28. h4 Re8 29. h5 Nf8 30. g4 Qc4 31. Rfb1 e5 32. Rc1 Qa2 33. d5 f6 34. Rb5 Bd6
35. Rxa5 Qa3 36. Qd1 Rc7 37. Ne6 Rxc1 38. Bxc1 Qb4 39. Rb5 Qc4 40. Nxf8 Rxf8
41. h6 Rd8 42. Be3 1/2-1/2

[Event "European Senior Team Championship 2014"]
[Site "Sibenik"]
[Date "2014.04.07"]
[Round "7.6"]
[White "Vasiukov, Evgeni"]
[Black "Kristiansen, Jens"]
[Result "1/2-1/2"]
[WhiteElo "2451"]
[BlackElo "2412"]
[PlyCount "33"]
[EventDate "2014.04.01"]

1. e4 Nf6 2. e5 Nd5 3. d4 d6 4. Nf3 g6 5. Be2 Bg7 6. c4 Nb6 7. exd6 cxd6 8. a4
a5 9. h3 O-O 10. Nc3 Nc6 11. O-O Bf5 12. Be3 d5 13. b3 Nb4 14. Rc1 Rc8 15. Nb5
Na2 16. Ra1 Nb4 17. Rc1 1/2-1/2

[Event "European Senior Team Championship 2014"]
[Site "Sibenik"]
[Date "2014.04.07"]
[Round "7.6"]
[White "Sorensen, Bent"]
[Black "Pushkov, Nikolai"]
[Result "1-0"]
[WhiteElo "2262"]
[BlackElo "2345"]
[PlyCount "89"]
[EventDate "2014.04.01"]

1. Nf3 Nf6 2. g3 d5 3. Bg2 Bf5 4. O-O e6 5. Nh4 Be4 6. f3 Bg6 7. d3 Bc5+ 8. Kh1
O-O 9. Nxg6 hxg6 10. e4 dxe4 11. fxe4 e5 12. Qe2 Nc6 13. c3 Qd7 14. b4 Bb6 15.
a4 a6 16. Bf3 Rfd8 17. Rd1 Qh3 18. Bg5 Qe6 19. Nd2 a5 20. b5 Ne7 21. Nc4 Bc5
22. Ra2 Rd7 23. Rad2 Rad8 24. Nxa5 c6 25. Nc4 cxb5 26. axb5 Nc8 27. Rf1 Nb6 28.
Bxf6 Qxf6 29. Bg4 Qxf1+ 30. Qxf1 Nxc4 31. Bxd7 Nxd2 32. Qd1 Rxd7 33. Qxd2 b6
34. Kg2 Rd6 35. h4 Kh7 36. Kf1 f6 37. Ke2 Rd8 38. Qa2 f5 39. exf5 gxf5 40. Qe6
Rf8 41. Qxe5 Rf6 42. Kf3 Bd6 43. Qd5 Rg6 44. Qxf5 Kh6 45. g4 1-0

[Event "European Senior Team Championship 2014"]
[Site "Sibenik"]
[Date "2014.04.07"]
[Round "7.6"]
[White "Mishuchkov, Nikolai M"]
[Black "Jorgensen, Jorgen"]
[Result "1-0"]
[WhiteElo "2312"]
[BlackElo "2206"]
[PlyCount "69"]
[EventDate "2014.04.01"]

1. Nf3 f5 2. g3 Nf6 3. Bg2 g6 4. d4 Bg7 5. O-O O-O 6. c4 d6 7. Nc3 c6 8. Rb1 a5
9. Qb3 h6 10. Rd1 Nbd7 11. c5+ d5 12. Nh4 Kh7 13. f4 Ne4 14. Na4 Rb8 15. Nf3 e6
16. Bd2 Nxd2 17. Rxd2 Ra8 18. e3 Nf6 19. Ne5 Ne4 20. Bxe4 fxe4 21. Nb6 a4 22.
Qb4 Ra7 23. Rf1 h5 24. a3 Rf5 25. Nxa4 Bxe5 26. fxe5 Bd7 27. Nb6 Be8 28. Rdf2
Qc7 29. Rf4 Kh6 30. h3 Ra6 31. g4 hxg4 32. hxg4 Rxf4 33. Rxf4 Kg5 34. Kg2 Qh7
35. Qe1 1-0

[Event "European Senior Team Championship 2014"]
[Site "Sibenik"]
[Date "2014.04.07"]
[Round "7.6"]
[White "Grabow, Pouelsten Holm"]
[Black "Chernikov, Oleg L"]
[Result "1/2-1/2"]
[WhiteElo "2131"]
[BlackElo "2372"]
[PlyCount "36"]
[EventDate "2014.04.01"]

1. c4 e6 2. d4 d5 3. cxd5 exd5 4. Nf3 c6 5. Nc3 Bd6 6. Bg5 Ne7 7. Qc2 Bg4 8. e3
Bh5 9. Bd3 Bg6 10. O-O O-O 11. a3 a5 12. Rab1 Na6 13. Rfc1 Re8 14. Bh4 Qd7 15.
Bg3 Bxg3 16. hxg3 Bxd3 17. Qxd3 Qd6 18. Na4 Nc8 1/2-1/2

[Event "European Senior Team Championship 2014"]
[Site "Sibenik"]
[Date "2014.04.07"]
[Round "7.7"]
[White "Opl, Klaus"]
[Black "Woeber, Friedrich"]
[Result "1-0"]
[WhiteElo "2283"]
[BlackElo "2178"]
[PlyCount "49"]
[EventDate "2014.04.01"]

1. d4 Nf6 2. Nf3 g6 3. Bg5 Bg7 4. Nbd2 d5 5. e3 O-O 6. Be2 Re8 7. O-O Nbd7 8.
c4 c6 9. cxd5 cxd5 10. Rc1 Ne4 11. Nxe4 dxe4 12. Nd2 Nf6 13. Qc2 Qd5 14. Bf4
Be6 15. Bc4 Qf5 16. Qb3 Nd5 17. Bg3 b6 18. f3 Qg5 19. Rfe1 Bxd4 20. Nxe4 Qxe3+
21. Rxe3 Bxe3+ 22. Kf1 Bxc1 23. Bxd5 Bxd5 24. Qxd5 Bxb2 25. Ng5 1-0

[Event "European Senior Team Championship 2014"]
[Site "Sibenik"]
[Date "2014.04.07"]
[Round "7.7"]
[White "Ernst, Michael"]
[Black "Titz, Heimo"]
[Result "1/2-1/2"]
[WhiteElo "2170"]
[BlackElo "2151"]
[PlyCount "144"]
[EventDate "2014.04.01"]

1. d4 Nf6 2. c4 e6 3. Nc3 Bb4 4. Qc2 O-O 5. a3 Bxc3+ 6. Qxc3 b6 7. Bg5 Bb7 8.
e3 h6 9. Bh4 d6 10. f3 Nbd7 11. Bd3 c5 12. Ne2 Rc8 13. O-O d5 14. b3 cxd4 15.
exd4 dxc4 16. bxc4 Re8 17. Qb4 Qc7 18. Bg3 Qc6 19. Rac1 a5 20. Qb2 Ba6 21. Rfd1
Nh5 22. Bf2 Qc7 23. c5 Bxd3 24. Rxd3 bxc5 25. dxc5 Nhf6 26. Rb3 Rb8 27. Rb5
Rxb5 28. Qxb5 Rb8 29. Qc4 Qc6 30. Nd4 Qd5 31. Qxd5 Nxd5 32. c6 N7b6 33. Bg3 Rc8
34. Nb5 Ne7 35. c7 Ra8 36. Bd6 Ned5 37. Rc6 Nc8 38. Bc5 Kh7 39. Kf2 g5 40. Bd4
Kg6 41. g3 Nde7 42. Rc4 f6 43. Bc5 e5 44. Bxe7 Nxe7 45. Nd6 Nc8 46. Nxc8 Rxc8
47. g4 h5 48. h3 hxg4 49. fxg4 Kf7 50. Rc6 Ke7 51. Kf3 Kd7 52. Rxf6 Rxc7 53.
Rf7+ Kd6 54. Rxc7 Kxc7 55. Kg3 Kd6 56. h4 gxh4+ 57. Kxh4 e4 58. g5 Ke5 59. Kg4
e3 60. Kf3 Kf5 61. Kxe3 Kxg5 62. Kd4 Kf5 63. Kc5 Ke5 64. Kb5 Kd6 65. Kxa5 Kc5
66. Ka6 Kc6 67. a4 Kc7 68. Ka7 Kc6 69. a5 Kc7 70. a6 Kc8 71. Kb6 Kb8 72. a7+
Ka8 1/2-1/2

[Event "European Senior Team Championship 2014"]
[Site "Sibenik"]
[Date "2014.04.07"]
[Round "7.7"]
[White "Singer, Hans"]
[Black "Winiwarter, Felix"]
[Result "1/2-1/2"]
[WhiteElo "2166"]
[BlackElo "2136"]
[PlyCount "103"]
[EventDate "2014.04.01"]

1. Nf3 Nf6 2. c4 g6 3. Nc3 Bg7 4. e4 d6 5. d4 O-O 6. Be2 e5 7. dxe5 dxe5 8.
Qxd8 Rxd8 9. Bg5 Re8 10. Nd5 Nxd5 11. cxd5 c6 12. Rd1 cxd5 13. Bb5 Bd7 14. Bxd7
Nxd7 15. Rxd5 Nb6 16. Rb5 Nc4 17. Rxb7 Nd6 18. Rd7 Nxe4 19. O-O Nc5 20. Rd5 Ne6
21. Be3 e4 22. Nd4 Bxd4 23. Bxd4 Nf4 24. Rd7 Ne2+ 25. Kh1 Nxd4 26. Rxd4 Rec8
27. Rfd1 Rc2 28. R4d2 Rac8 29. g3 f5 30. h4 R8c7 31. Kg1 Kg7 32. Rd7+ Kh6 33.
Rxc7 Rxc7 34. Rd2 Kh5 35. b4 Kg4 36. Kg2 Rc4 37. Rb2 h6 38. a4 g5 39. hxg5 hxg5
40. a5 a6 41. b5 axb5 42. Rxb5 Ra4 43. Re5 f4 44. gxf4 Kxf4 45. Rb5 Ra2 46. Kf1
g4 47. Rc5 g3 48. fxg3+ Kxg3 49. Rf5 Kg4 50. Rf8 Rxa5 51. Ke2 Ra3 52. Rf7
1/2-1/2

[Event "European Senior Team Championship 2014"]
[Site "Sibenik"]
[Date "2014.04.07"]
[Round "7.8"]
[White "Roth, Peter"]
[Black "Fauland, Alexander"]
[Result "0-1"]
[WhiteElo "2176"]
[BlackElo "2417"]
[PlyCount "42"]
[EventDate "2014.04.01"]

1. b3 Nf6 2. Bb2 g6 3. f4 Bg7 4. Nf3 O-O 5. e3 c5 6. Be2 Nc6 7. c4 b6 8. O-O
Bb7 9. Nc3 d5 10. Nxd5 Nxd5 11. Bxg7 Kxg7 12. cxd5 Qxd5 13. Bc4 Qf5 14. Qc1
Rad8 15. Qc3+ Qf6 16. Qxf6+ Kxf6 17. Rf2 Rd6 18. Ng5 Kg7 19. Ne4 Rdd8 20. f5
gxf5 21. Rxf5 Na5 0-1

[Event "European Senior Team Championship 2014"]
[Site "Sibenik"]
[Date "2014.04.07"]
[Round "7.8"]
[White "Wallner, Joachim"]
[Black "Dueckstein, Andreas"]
[Result "1-0"]
[WhiteElo "2361"]
[BlackElo "2188"]
[PlyCount "101"]
[EventDate "2014.04.01"]

1. b3 e5 2. Bb2 Nc6 3. e3 Nge7 4. c4 d6 5. Nf3 g6 6. d4 Bg7 7. d5 Nb8 8. Nc3
O-O 9. Be2 a5 10. a3 h6 11. O-O Nd7 12. b4 Nf6 13. Qb3 b6 14. Rfd1 Bf5 15. Rac1
g5 16. Nb5 Nd7 17. Bc3 axb4 18. axb4 Qb8 19. h4 g4 20. Nd2 h5 21. Ra1 Qb7 22.
e4 Bg6 23. Bd3 Rfb8 24. Qb2 Nf6 25. Qc2 Bh6 26. Rab1 g3 27. f3 Qc8 28. Nf1 Bf4
29. Be1 Ng4 30. Qe2 Nf2 31. Bxf2 gxf2+ 32. Qxf2 Qd7 33. Ra1 c6 34. dxc6 Qxc6
35. Ne3 Qd7 36. g3 Bh6 37. Bf1 Rxa1 38. Rxa1 Qc6 39. Ra7 Bf8 40. Qd2 Rd8 41.
Qa2 Bh6 42. Kf2 Rd7 43. Rxd7 Qxd7 44. Qa8+ Kh7 45. Qb8 d5 46. Nxd5 Nxd5 47.
cxd5 Qe7 48. d6 Qf6 49. Kg2 Qe6 50. Qxb6 Bf8 51. Qc5 1-0

[Event "European Senior Team Championship 2014"]
[Site "Sibenik"]
[Date "2014.04.07"]
[Round "7.8"]
[White "Titz, Herbert"]
[Black "Thoma, Robert"]
[Result "0-1"]
[WhiteElo "1995"]
[BlackElo "2342"]
[PlyCount "44"]
[EventDate "2014.04.01"]

1. e4 c5 2. Nf3 Nc6 3. d4 cxd4 4. Nxd4 g6 5. c4 Bg7 6. Nc2 d6 7. Be2 Nf6 8. Nc3
O-O 9. O-O Nd7 10. Qd2 Nc5 11. f3 a5 12. b3 f5 13. Rb1 fxe4 14. Nxe4 Nxe4 15.
fxe4 Qb6+ 16. Kh1 Bg4 17. Ne3 Bxe2 18. Qxe2 Qd4 19. Qc2 Nb4 20. Qd2 Rxf1+ 21.
Nxf1 Qxe4 22. Ba3 Qxb1 0-1

[Event "European Senior Team Championship 2014"]
[Site "Sibenik"]
[Date "2014.04.07"]
[Round "7.8"]
[White "Danner, Georg"]
[Black "Newrkla, Alexander"]
[Result "1-0"]
[WhiteElo "2336"]
[BlackElo "1956"]
[PlyCount "59"]
[EventDate "2014.04.01"]

1. d4 Nf6 2. c4 g6 3. Nc3 Bg7 4. e4 d6 5. Be2 O-O 6. Nf3 e5 7. d5 a5 8. Be3 h6
9. Nd2 Na6 10. a3 Bd7 11. O-O Ne8 12. Rb1 b6 13. b4 axb4 14. axb4 f5 15. f3 f4
16. Bf2 g5 17. Bd3 h5 18. Qe2 Nb8 19. c5 bxc5 20. bxc5 g4 21. c6 Bc8 22. Ra1
Rxa1 23. Rxa1 Qg5 24. Ra8 g3 25. hxg3 fxg3 26. Be3 Qh4 27. Nf1 Nf6 28. Rxb8 Ng4
29. fxg4 Bh6 30. Rxc8 1-0

[Event "European Senior Team Championship 2014"]
[Site "Sibenik"]
[Date "2014.04.07"]
[Round "7.9"]
[White "Kauko, Pekka"]
[Black "Rooze, Jan"]
[Result "0-1"]
[WhiteElo "2013"]
[BlackElo "2348"]
[PlyCount "66"]
[EventDate "2014.04.01"]

1. d4 Nf6 2. c4 e6 3. Nf3 c5 4. e3 a6 5. Nc3 d5 6. cxd5 exd5 7. dxc5 Bxc5 8.
Bd3 Nc6 9. O-O Bg4 10. Be2 O-O 11. a3 Re8 12. Nd4 Be6 13. Bf3 Ne5 14. b3 Nxf3+
15. Nxf3 Bg4 16. Bb2 Rc8 17. Kh1 Ba7 18. Ne2 Ne4 19. Rc1 Rxc1 20. Bxc1 Bb8 21.
Ng3 Qf6 22. Kg1 Ng5 23. e4 Nxf3+ 24. gxf3 Bxf3 25. Qxd5 Be5 26. Qd3 h5 27. Bg5
Qxg5 28. Qxf3 h4 29. Qh5 Qf4 30. a4 hxg3 31. fxg3 Bd4+ 32. Kg2 Qxe4+ 33. Rf3 g6
0-1

[Event "European Senior Team Championship 2014"]
[Site "Sibenik"]
[Date "2014.04.07"]
[Round "7.9"]
[White "Geenen, Marc"]
[Black "Alkkiomaki, Jyrki"]
[Result "1-0"]
[WhiteElo "2240"]
[BlackElo "1957"]
[PlyCount "47"]
[EventDate "2014.04.01"]

1. e4 e5 2. Nf3 Nc6 3. Bc4 Nf6 4. d4 exd4 5. e5 d5 6. Bb5 Ne4 7. Nxd4 Bd7 8.
Bxc6 bxc6 9. O-O Be7 10. f3 Ng5 11. f4 Ne4 12. Nb3 f5 13. Be3 O-O 14. N1d2 Nxd2
15. Qxd2 Qb8 16. Bc5 Bxc5+ 17. Nxc5 Qb6 18. b4 Rfe8 19. Kh1 Be6 20. g4 fxg4 21.
f5 Bf7 22. e6 Bh5 23. Nd7 Qb5 24. Qg5 1-0

[Event "European Senior Team Championship 2014"]
[Site "Sibenik"]
[Date "2014.04.07"]
[Round "7.9"]
[White "Rantanen, Veikko"]
[Black "Bolzoni, Victor-Angel"]
[Result "0-1"]
[WhiteElo "1927"]
[BlackElo "2207"]
[PlyCount "74"]
[EventDate "2014.04.01"]

1. c4 Nf6 2. Nc3 e5 3. g3 Bb4 4. Qc2 Nc6 5. Nf3 O-O 6. Bg2 Re8 7. d3 h6 8. O-O
d6 9. a3 Bxc3 10. Qxc3 Bg4 11. e3 Qd7 12. b4 Bh3 13. Bb2 Bxg2 14. Kxg2 Ne7 15.
Nd2 Ng6 16. d4 e4 17. d5 c6 18. Rac1 cxd5 19. cxd5 Qf5 20. Nc4 Rad8 21. Rcd1
Ne5 22. Nxe5 dxe5 23. Rd2 Nxd5 24. Qc5 Nf4+ 25. exf4 Rxd2 26. Bxe5 b6 27. Qc3
Rd3 28. Qb2 f6 29. Bd4 Qd5 30. Be3 Rc8 31. Rc1 Rxc1 32. Qxc1 Kh7 33. h4 Rd1 34.
Qc8 Qd7 35. Qa8 Qd3 36. Kh2 Qb1 37. Kh3 h5 0-1

[Event "European Senior Team Championship 2014"]
[Site "Sibenik"]
[Date "2014.04.07"]
[Round "7.9"]
[White "Schrickx, Frank"]
[Black "Ranki, Martti"]
[Result "1/2-1/2"]
[WhiteElo "1889"]
[BlackElo "1918"]
[PlyCount "64"]
[EventDate "2014.04.01"]

1. e4 c5 2. c3 Nc6 3. d4 cxd4 4. cxd4 d6 5. Nc3 g6 6. Be3 Bd7 7. Nf3 Bg7 8. Qd2
Nf6 9. h3 O-O 10. Be2 Re8 11. O-O a6 12. d5 Nb8 13. Nd4 e6 14. dxe6 fxe6 15.
Rfd1 Rf8 16. Bf3 Bc8 17. Rac1 Qe7 18. Bg5 Rd8 19. h4 Nbd7 20. h5 Ne5 21. hxg6
hxg6 22. Be2 Bd7 23. f4 Nf7 24. Nf3 Nxg5 25. Nxg5 Bc6 26. Qe3 Nh7 27. Nxh7 Kxh7
28. Qh3+ Kg8 29. Bg4 Bxc3 30. Rxc3 e5 31. Be6+ Kg7 32. fxe5 dxe5 1/2-1/2

[Event "European Senior Team Championship 2014"]
[Site "Sibenik"]
[Date "2014.04.07"]
[Round "7.10"]
[White "Malmdin, Nils-Ake"]
[Black "Wademark, Helge"]
[Result "1-0"]
[WhiteElo "2175"]
[BlackElo "2124"]
[PlyCount "57"]
[EventDate "2014.04.01"]

1. e4 e6 2. d4 d5 3. e5 c5 4. c3 Nc6 5. Nf3 Qb6 6. a3 cxd4 7. cxd4 Nge7 8. b4
Nf5 9. Be3 Be7 10. Bd3 Bd7 11. Bxf5 exf5 12. Nc3 Be6 13. O-O O-O 14. Na4 Qd8
15. Rc1 Rc8 16. Qd2 b6 17. Nb2 Qd7 18. h4 Rc7 19. h5 Rfc8 20. h6 g6 21. Nd3 Nd8
22. Rxc7 Rxc7 23. Bg5 Nb7 24. Rc1 Rc4 25. Bxe7 Qxe7 26. Rxc4 dxc4 27. Nf4 Qc7
28. Qc3 Qc6 29. d5 1-0

[Event "European Senior Team Championship 2014"]
[Site "Sibenik"]
[Date "2014.04.07"]
[Round "7.10"]
[White "Hallerod, Ralph"]
[Black "Petersson, Gosta"]
[Result "1/2-1/2"]
[WhiteElo "2086"]
[BlackElo "2158"]
[PlyCount "51"]
[EventDate "2014.04.01"]

1. d4 d5 2. c4 Bf5 3. Nc3 e6 4. cxd5 exd5 5. Qb3 Nc6 6. e3 Nb4 7. e4 dxe4 8. a3
Be6 9. Qa4+ Bd7 10. Qd1 Nd3+ 11. Bxd3 exd3 12. Qxd3 Nf6 13. Nf3 a6 14. O-O Be7
15. Re1 O-O 16. Bg5 Re8 17. d5 Be6 18. Rad1 Bg4 19. h3 Bh5 20. Re3 Qd6 21. Rde1
Bf8 22. Ne5 Nd7 23. Bf4 Nxe5 24. Bxe5 Qd7 25. b4 Rac8 26. Bd4 1/2-1/2

[Event "European Senior Team Championship 2014"]
[Site "Sibenik"]
[Date "2014.04.07"]
[Round "7.10"]
[White "Nyberg, Ulf"]
[Black "Carlsson, Ingvar"]
[Result "1/2-1/2"]
[WhiteElo "2141"]
[BlackElo "2064"]
[PlyCount "71"]
[EventDate "2014.04.01"]

1. d4 f5 2. g3 Nf6 3. Bg2 g6 4. Nf3 Bg7 5. O-O O-O 6. b4 d6 7. Bb2 Qe8 8. Qd3
c6 9. Nbd2 h6 10. Rfe1 Qf7 11. e4 fxe4 12. Nxe4 Bf5 13. Nxf6+ exf6 14. Qd2 Na6
15. d5 c5 16. a3 Kh7 17. b5 Nc7 18. c4 Rfe8 19. Qf4 Qf8 20. g4 Bd7 21. h3 f5
22. Bxg7 Kxg7 23. g5 h5 24. Bf1 Rxe1 25. Nxe1 Re8 26. Bd3 Qe7 27. Nf3 Na8 28.
Kg2 Nb6 29. a4 Nc8 30. Qd2 Kh7 31. Qa5 Qg7 32. Ra2 Qe7 33. Qc3 Qg7 34. Qd2 Re7
35. Qf4 Qc3 36. Qd2 1/2-1/2

[Event "European Senior Team Championship 2014"]
[Site "Sibenik"]
[Date "2014.04.07"]
[Round "7.10"]
[White "Ekelund, Kurt"]
[Black "Nordstrom, Felix"]
[Result "0-1"]
[WhiteElo "2040"]
[BlackElo "2125"]
[PlyCount "48"]
[EventDate "2014.04.01"]

1. e4 c5 2. Nf3 d6 3. d4 cxd4 4. Nxd4 Nf6 5. Nc3 a6 6. Be2 e6 7. Be3 Qc7 8. O-O
b5 9. f3 Bb7 10. a3 Nbd7 11. Qe1 Be7 12. Rd1 O-O 13. Qg3 Rfd8 14. Rfe1 Ne5 15.
Rd2 Nc4 16. Bxc4 Qxc4 17. Nb3 Qc7 18. Qf2 Nd7 19. Red1 Bc6 20. Nd4 Ne5 21. Nxc6
Qxc6 22. Bd4 Nc4 23. Qg3 Bf8 24. Re2 e5 0-1

[Event "European Senior Team Championship 2014"]
[Site "Sibenik"]
[Date "2014.04.07"]
[Round "7.11"]
[White "Jones, Iolo C"]
[Black "Huelsmann, Josef"]
[Result "1/2-1/2"]
[WhiteElo "2185"]
[BlackElo "2168"]
[PlyCount "37"]
[EventDate "2014.04.01"]

1. Nf3 e6 2. d4 b6 3. e4 d5 4. Bb5+ c6 5. Bd3 Ba6 6. exd5 Bxd3 7. Qxd3 exd5 8.
O-O Bd6 9. Re1+ Ne7 10. Nbd2 O-O 11. Ng5 Ng6 12. Ndf3 Re8 13. Bd2 Rxe1+ 14.
Rxe1 h6 15. Nh3 Nd7 16. Qf5 Ne7 17. Qd3 Ng6 18. Qf5 Ne7 19. Qd3 1/2-1/2

[Event "European Senior Team Championship 2014"]
[Site "Sibenik"]
[Date "2014.04.07"]
[Round "7.11"]
[White "Haselhorst, Helmut"]
[Black "Bennett, Patrick"]
[Result "1-0"]
[WhiteElo "2079"]
[BlackElo "2021"]
[PlyCount "65"]
[EventDate "2014.04.01"]

1. d4 Nf6 2. Nf3 g6 3. c4 Bg7 4. Nc3 O-O 5. Bf4 c5 6. d5 d6 7. e4 Qa5 8. Bd2 a6
9. Bd3 Bg4 10. O-O Nbd7 11. Be2 Qd8 12. a4 Ne8 13. Ne1 Bxe2 14. Qxe2 Nc7 15.
Nc2 Rb8 16. Na3 e6 17. Rae1 Qf6 18. f4 exd5 19. cxd5 Rfe8 20. Qg4 Qe7 21. Nc4
Bd4+ 22. Kh1 Nf6 23. Qh3 b6 24. e5 Nfxd5 25. exd6 Qd8 26. dxc7 Nxc7 27. f5 b5
28. Na5 Rb6 29. Bf4 Bxc3 30. Qxc3 Rxe1 31. Rxe1 Nd5 32. Qd2 Rf6 33. Bg5 1-0

[Event "European Senior Team Championship 2014"]
[Site "Sibenik"]
[Date "2014.04.07"]
[Round "7.11"]
[White "Van Kemenade, Rudy"]
[Black "Weisshaupt, Rainer"]
[Result "0-1"]
[WhiteElo "2001"]
[BlackElo "2154"]
[PlyCount "62"]
[EventDate "2014.04.01"]

1. d4 Nf6 2. Nf3 d6 3. c4 Bg4 4. Nbd2 Nbd7 5. h3 Bh5 6. e4 e5 7. d5 Be7 8. Qc2
c6 9. dxc6 bxc6 10. Nh4 Bg6 11. Nxg6 hxg6 12. g3 Nc5 13. Bg2 Rc8 14. O-O Qd7
15. b4 Ne6 16. Bb2 c5 17. b5 g5 18. Qd1 g6 19. f3 Nh5 20. Kf2 Bf6 21. Rh1 Nd4
22. Nf1 Bd8 23. Ne3 f5 24. g4 Ng7 25. Nd5 O-O 26. Kg3 Nge6 27. Rf1 Nf4 28. Bxd4
cxd4 29. Rc1 Bb6 30. Rf2 Qh7 31. Bf1 Qh4+ 0-1